MARC

LEADER 00000nam0a2200000 4500
001 300469
005 20231102001314.0
035 |a (RuTPU)RU\TPU\book\325622 
090 |a 300469 
100 |a 20150710d1982 k y0rusy5003 ca 
101 0 |a rus 
102 |a RU 
105 |a a z 001zy 
200 1 |a Вопросы вакуумной и твердотельной электроники  |e сборник научных трудов  |f Ленинградский электротехнический институт (ЛЭТИ) ; отв. ред. А. Д. Сушков 
210 |a Ленинград  |c Изд-во ЛЭТИ  |d 1982 
215 |a 101 с.  |c ил.  |d 20 см 
225 1 |a Известия Ленинградского электротехнического института (ЛЭТИ)  |v Вып. 315 
320 |a Библиогр. в конце ст. 
606 1 |a Электроника  |2 stltpush  |3 (RuTPU)RU\TPU\subj\20310  |9 45419 
610 1 |a электровакуумные приборы 
610 1 |a классификация 
610 1 |a электроны 
610 1 |a группирование 
610 1 |a электронные пучки 
610 1 |a моделирование 
610 1 |a расчеты 
610 1 |a магнитные поля 
610 1 |a электрические поля 
610 1 |a резонаторы 
675 |a 621.38  |v 4 
702 1 |a Сушков  |b А. Д.  |g Александр Данилович  |4 340 
712 0 2 |a Ленинградский электротехнический институт (ЛЭТИ)  |2 stltpush  |3 (RuTPU)RU\TPU\col\289 
801 0 |a RU  |b RuMRKP  |c 19950704  |g psbo 
801 1 |a RU  |b 63413507  |c 20150710 
801 2 |a RU  |b 63413507  |c 20170807  |g RCR 
942 |c BK